NBA Players whith the most seasons on a team - Statistics

General Stats
  • This quiz has been taken 70 times
  • The average score is 28 of 38
Answer Stats
Hint years Answer % Correct
LAL 20 Kobe Bryant
100%
DAL 21 Dirk Nowitzki
97%
MIA 15 Dwyane Wade
97%
UTA 18 Karl Malone
95%
SAS 19 Tim Duncan
95%
GSW 15 Stephen Curry
94%
UTA 19 John Stockon
92%
IND 18 Reggie Miller
90%
SAS 17 Tony Parker
90%
BOS 13 Bill Russell
89%
HOU 17 Hakeem Olajuwon
89%
DET 13 Isiah Thomas
89%
BOS 13 Larry Bird
87%
SAS 16 Manu Ginobili
86%
NYK 15 Patrick Ewing
86%
LAL 14 Jerry West
83%
LAL 13 Magic Johnson
79%
CHI 13 Michael Jordan
79%
SAS 14 David Robinson
76%
BOS 15 Paul Pierce
76%
MIA 20 Udonis Haslem
76%
LAL 14 Kareem Abdul-Jabbar
75%
BOS 16 John Havlicek
73%
BOS 14 Robert Parish
73%
GSW 12 Draymond Green
71%
DET 14 Joe Dumars
71%
BOS 13 Kevin McHale
68%
LAL 14 Elgin Baylor
63%
OKC/SEA 13 Gary Payton
63%
LAL 12 James Worthy
60%
BOS 12 Sam Jones
57%
POR 12 Clyde Drexler
56%
MEM 12 Mike Conley
51%
PHL 12 Allen Iverson
44%
BOS 14 Kevin Garnett
38%
LAL 13 Derick Fisher
37%
LAL 12 Michael Cooper
29%
CLE 12 Zydrunas Ilgauskas
27%
No matching quizzes found
Score Distribution
Percent of People with Each Score
Percentile by Number Answered
Your Score History
You have not taken this quiz